| 000 | 00409nam a2200157 a 4500 | ||
|---|---|---|---|
| 005 | 20140412111426.0 | ||
| 008 | 090225s19uu xx 00 eng d | ||
| 020 | _a0-07-602715-5 | ||
| 050 |
_aTR(GS 372.4 _bA19 2005 |
||
| 100 | _aAdams, Marilyn | ||
| 245 |
_aTeamwork / _cMarilyn Adams. |
||
| 260 |
_aU.S.A : _bMcGraw Hill, _c2005. |
||
| 300 | _a63p. | ||
| 440 | _aSRA OPEN COURT READING | ||
| 999 |
_c106223 _d106223 |
||